00213nam a2200085Ia 4500008004100000082001700041100002200058245003200080300001500112230907s9999||||xx |||||||||||||| ||und|| a333.9539,KOI aKoizumi, Tatsuji. 0aBiofuels and food security: axi, 121p.: